00988nam a2200277Ia 450000100060000000300070000600500170001300800410003002000180007104000110008904100080010008000190010824502010012726400290032830000350035754100120039265300440040465300240044865300390047265300320051165300390054370000300058270000320061270000350064470000310067921661GE_BSU20230731160735.0181216s2010||||Pl |||||||||||||| || || a9788360229286 cGE_BSU apol a811.162.2 H-93 aHURRA!!! Po Polsku 3 Zeszyt cwiczen. B1 :bPropozycja programowa na poziom B1. Podrecznik Studenta /cAgnieszka Burkat, Agnieszka Jasinska, Malgorzata Malolepsza, Aneta Szymkiewicz. h  aKrakow :bProlog,c2010. a168 p. :b ill. ;c27cm.e+1CD h10 Gel. aHURRA!!! Po Polsku 3 Zeszyt cwiczen. B1 aPodrecznik Studenta aPropozycja programowa na poziom B1 aПольский язык aპოლონური ენა aBurkat, AgnieszkaeAuthor aJasinska, AgnieszkaeAuthor aMalolepsza, MalgorzataeAuthor aSzymkiewicz, AnetaeAuthor